| 000 | 00368nam a2200133Ia 4500 | ||
|---|---|---|---|
| 005 | 20260328101457.0 | ||
| 008 | 260328s9999||||xx |||||||||||||| ||und|| | ||
| 100 | _aPomada, Elizabeth | ||
| 245 | 0 |
_aPainted ladies : _b San Francisco's resplendent Victorians / _cElizabeth Pomada |
|
| 260 | _bDutton | ||
| 300 | _a80 p. | ||
| 650 | _aARQUITECTURA RESIDENCIAL | ||
| 942 | _cBK | ||
| 999 |
_c8853 _d8853 |
||